00837nam a2200241Ia 450000100060000000300090000600800410001504000130005604000130006904100120008210000220009410000290011624500690014524500850021425000110029926000110031026000270032126000490034830000590039750000650045665000430052165000310056422958IT-RoPAU130308s9999 xx 000 0 und d aIT-RoPAU cIT-RoPAU aINGLESE aMendelsohn Harold gCodice Aut. SPICS: 3875 aSome Policy Implications of the Uses and Gratifications Paradigm bUses Of Mass Communications (The)-Current Perspective On Gratifications Research a1a ed. aLONDON bSage Publications B.H. c1974 [1° Ed.:1974 - Ed.Ling.Originale:1974] a"16 p. (prefazione: no ; testo: 16 [pagine: 303-318])" aImplicanze politiche degli Usi e Paradigmi di Gratificazioni aPSICOLOGIA DELLA COMUNICAZIONE SOCIALE eCodice materia Spics: 3805